00572 2200229 4500001002100000005001500021035002000036008004100056245004500097100001800142250001000160260003700170300002900207020002200236084001900258082001300277650001200290990001000302990001000312990001000322990001000332INLIS00000000001203520260424111214 a0010-0426000006260424 0 ind 1 aDemokrasi para perampok /cToto Rahardjo aToto Rahardjo aCet.2 aYogyakarta :bMojok Group,c2024 axvi, 245 hlm ;c14x20 cm a978-623-5280-20-2 a364.1323 TOT d a364.1323 4aKorupsi a58215 a58216 a58217 a58218